NCAA Division I Ice Hockey Programs - Statistics

General Stats
  • This quiz has been taken 107 times
    17 since last reset
  • The average score is 47 of 64
Answer Stats
Conference School % Correct
Hockey East Boston College
100%
Hockey East Boston University
100%
ECAC Harvard
100%
Hockey East Maine
100%
Big Ten Minnesota
100%
Hockey East Vermont
100%
Atlantic Hockey Air Force
93%
Atlantic Hockey Army
93%
ECAC Cornell
93%
ECAC Dartmouth
93%
Big Ten Michigan
93%
Big Ten Michigan State
93%
NCHC Minnesota - Duluth
93%
Hockey East New Hampshire
93%
Big Ten Notre Dame
93%
Big Ten Ohio State
93%
Big Ten Penn State
93%
ECAC Yale
93%
ECAC Brown
86%
NCHC Denver
86%
Hockey East Massachusetts
86%
ECAC Quinnipiac
86%
Big Ten Wisconsin
86%
Hockey East Connecticut
79%
NCHC Miami of Ohio
79%
CCHA Minnesota State - Mankato
79%
NCHC North Dakota
79%
ECAC Princeton
79%
NCHC St. Cloud State
79%
NCHC Arizona State
71%
CCHA Northern Michigan
71%
Hockey East Providence
71%
NCHC Western Michigan
71%
Independent Alaska
64%
CCHA Bowling Green State
64%
ECAC Colgate
64%
NCHC Colorado College
64%
Atlantic Hockey Holy Cross
64%
CCHA Lake Superior State
64%
Independent Long Island
64%
Hockey East Massachusetts - Lowell
64%
Hockey East Northeastern
64%
ECAC Rensselaer Polytechnic
64%
Atlantic Hockey Rochester Institute of Technology
64%
Atlantic Hockey Sacred Heart
64%
ECAC St. Lawrence
64%
ECAC Union
64%
Independent Alaska - Anchorage
57%
CCHA Bemidji State
57%
Atlantic Hockey Canisius
57%
ECAC Clarkson
57%
Independent Lindenwood
57%
Hockey East Merrimack
57%
CCHA Michigan Tech
57%
NCHC Nebraska - Omaha
57%
Atlantic Hockey Niagara
57%
CCHA St. Thomas
57%
Atlantic Hockey American International
50%
Atlantic Hockey Bentley
50%
Atlantic Hockey Mercyhurst
50%
CCHA Ferris State
43%
Atlantic Hockey Robert Morris
43%
Independent Stonehill
43%
CCHA Augustana
36%
No matching quizzes found
Score Distribution
Percent of People with Each Score
Percentile by Number Answered
Your Score History
You have not taken this quiz since the last reset